U.S. States in Fallout Franchise - Statistics

General Stats
  • This quiz has been taken 33 times
  • The average score is 15 of 21
Answers on the Map
Answers color-coded by a green-red scale on the quiz's map according to % correct below.
 
Answer Stats
Hint Answer % Correct
1, 2, New Vegas California
96%
1, 2, New Vegas Nevada
96%
Brotherhood of Steel Texas
88%
New Vegas Utah
88%
New Vegas Arizona
83%
Fallout 3 Maryland
83%
Fallout 2 Oregon
83%
Fallout 3, 76 Virginia
79%
Fallout 3 Alaska
75%
Fallout: Tactics Colorado
75%
Fallout 4 Massachusetts
75%
Fallout 3, 76 Pennsylvania
75%
Fallout 76 West Virginia
75%
Fallout: Tactics Illinois
67%
Fallout 4 Maine
58%
Fallout 76 Ohio
58%
Fallout: Tactics Kansas
54%
Fallout 76 New Jersey
46%
Fallout: Tactics Missouri
42%
Fallout 3 District of Columbia
38%
New Vegas Montana
38%
No matching quizzes found
Score Distribution
Percent of People with Each Score
Percentile by Number Answered
Your Score History
You have not taken this quiz